ՀՀ Գիտությունների ազգային ակադեմիայի հիմնարար գիտական գրադարան  =   Fundamental Scientific Library of NAS RA

Избранные сатиры Горация для средних учебных заведений / (Record no. 542069)

MARC details
000 -LEADER
fixed length control field 00997nam a2200229 a 4500
003 - CONTROL NUMBER IDENTIFIER
control field AM-YEHGA
040 ## - CATALOGING SOURCE
Original cataloging agency AM-YEHGA
001 - CONTROL NUMBER
control field 1424421
005 - DATE AND TIME OF LATEST TRANSACTION
control field 20260403152027.0
008 - FIXED-LENGTH DATA ELEMENTS--GENERAL INFORMATION
fixed length control field 181122s1877 ru ||||gr|||||||0|||rus||
041 0# - LANGUAGE CODE
Language code of text/sound track or separate title rus
100 1# - MAIN ENTRY--PERSONAL NAME
Personal name Гораций, Квинт Флакк
Dates associated with a name 65-8 до н. э
245 10 - TITLE STATEMENT
Title Избранные сатиры Горация для средних учебных заведений /
Statement of responsibility, etc. Латинский текст с русскими примеч. и со статьею о Горации проф. В. И. Модестова.
260 ## - PUBLICATION, DISTRIBUTION, ETC.
Place of publication, distribution, etc. Санкт-Петербург :
Name of publisher, distributor, etc. Тип. В. Киршбаума,
Date of publication, distribution, etc. 1877.
300 ## - PHYSICAL DESCRIPTION
Extent Кн.
Dimensions 21 см.
505 00 - FORMATTED CONTENTS NOTE
Miscellaneous information Кн. 1: (1877. VIII, 65 с.)
546 ## - LANGUAGE NOTE
Language note Кн. на рус. и лат. яз.
650 14 - SUBJECT ADDED ENTRY--TOPICAL TERM
Topical term or geographic name entry element Римская литература
653 0# - INDEX TERM--UNCONTROLLED
Uncontrolled term Латинский язык - Учебные тексты
700 1# - ADDED ENTRY--PERSONAL NAME
Personal name Модестов, В. И.
Relator term авт. предисл.
942 ## - ADDED ENTRY ELEMENTS (KOHA)
Source of classification or shelving scheme Universal Decimal Classification
Koha item type Գրքեր / Books
Holdings
Withdrawn status Lost status Damaged status Not for loan Collection Home library Current library Date acquired Serial enumeration / chronology Total checkouts Full call number Barcode Date last seen Price effective from Koha item type Public note
        Kusikian Individual Collection Fundamental Scientific Library Fundamental Scientific Library 27/03/2026 Кн. 1   Кус/6723 FL0704283 27/03/2026 27/03/2026 Գրքեր / Books ILL Non-Circ.


ՀՀ ԳԱԱ հիմնարար գիտական գրադարան
ՀՀ,Երևան 0019
Մարշալ Բաղրամյան 24/6
հեռախոս:(374-10) 52-47-50
Հետադարձ կապ

All site content, except where otherwise noted, is licensed under a
Creative Commons License